|
|
|
|
| LEADER |
00000nab a2200000 a 4500 |
| 001 |
vtls000662581 |
| 003 |
SK-MaSNL |
| 005 |
20260303234157.0 |
| 008 |
140422c1998 xo 0 slo |
| 015 |
|
|
|a SNBRB1998/05-14684
|
| 035 |
|
|
|a CLN000014769
|
| 040 |
|
|
|a SNKBUCL
|b slo
|c SNKBUCL
|e AACR2
|
| 041 |
0 |
|
|a slo
|
| 044 |
|
|
|a xo
|c SK
|
| 080 |
|
|
|a 860-3
|2 1997
|
| 080 |
|
|
|a 891.69-3
|2 1997
|
| 100 |
1 |
|
|a Ugarte, Amado Gómez
|d 1957-
|4 aut
|9 1271481
|
| 245 |
1 |
0 |
|a Navždy spolu
|c Amado Gómez Ugarte ; preložil Vladimír Oleríny
|
| 504 |
|
|
|a Biogr. údaje V.O.
|
| 650 |
0 |
7 |
|a psychologické poviedky, španielske
|2 snkbucl
|9 14394
|
| 655 |
|
7 |
|a články z novín a časopisov
|2 snkbucl
|9 267496
|
| 700 |
1 |
|
|a Oleríny, Vladimír,
|d 1921-2016
|4 trl
|9 57415
|
| 773 |
0 |
|
|t Literárny týždenník
|g Roč. 11, č. 19 (1998), s. 8
|x 0862-5999
|
| 850 |
|
|
|a Slovenská národná knižnica v Martine
|
| 852 |
|
|
|a SNK
|b KIS3GCP
|
| 958 |
|
|
|a LX
|
| 958 |
|
|
|a ES
|
| 992 |
|
|
|a RBX
|
| 999 |
|
|
|c 2519663
|d 2521593
|